000 00669nam a2200241 a 4500
001 0000415
003 DO-SdBNP
005 20160616111843.0
007 0000415
008 091125s1981 sp a 000 0 spa d
020 _a8420105767 (v. 7)
040 _aBPMSU
_bspa
_cBPMSU
100 _aSegrelles, Vicente
_d1940-
245 1 0 _aHistoria ilustrada de la aviación/1 /
_cVicente Segrelles
250 _a2da. ed.
260 _aBarcelona :
_bediciones Afha,
_c1981.
300 _a61 p. :
_bil. ;
_c32 cm.
490 1 _aEnciclopedia juvenil Auriga
_v7
830 0 _aEnciclopedia juvenil Auriga
_v7
910 _a
942 _2ddc
_cBK
956 _aYngrid Lockward
_b10
999 _c10412
_d10412